000 00693cab a2200253 4500
001 ABS48756
008 090401t1993 xxu||||| |||| 00| 0 eng d
035 _a(Sirsi) u68428
041 _aeng
245 _aHousing bounces back
260 _c1993
350 _a0
490 _aBuilding Market Report
_vJune 1993, 8-13(6)
520 _aAnalyses statistics for new orders in the housing and construction industry during the 1st quarter of 1993.
650 _aCONSTRUCTION MARKET
650 _aHOUSE BUILDING
650 _aNEW BUILD
650 _aOUTPUT
650 _aREGIONAL TRENDS
650 _aSTATISTICS
690 _aBUILT ENVIRONMENT
942 _n0
948 _c04/03/1997
999 _c42933
_d42933